000 00438nam a22001697a 4500
003 CEME
005 20210628204030.0
008 210107b xxu||||| |||| 00| 0 eng d
020 _a9788132205197
040 _cceme
082 _a620.106 DUR
100 _aDurst, Franz
_98469
245 _aFluid mechanics, an introduction to the theory of fluid flows
260 _aINDIA
_bSPRINGER
_c2008
300 _aXVIII, 723P
942 _cBK
_2ddc
999 _c575950
_d575950